000 00514nam a22001817a 4500
003 UA-OsUOA
001 12844
007 ta
008 20050531b un ||||| |||| 00| 0 ukr d
100 _aКунанець Н.
942 _cSA
040 _aUA-OsUOA
_cUA-OsUOA
_dUA-OsUOA
245 _aМандрівні бібліотеки товариства " Просвіта " Галичини ( перша половина 20 ст.)
300 _aС.31-33
955 _a0
773 0 _w0
650 7 _aІсторія
_2UDC
999 _c299005
_d299005